000
00305 a2200145 4500
001
168058
020
_a
040
_c
Magnum
100
_a
Martins, Maria Helena (Org.)
240
1
0
_a
Questoes de linguagem
_l
por
245
1
0
_a
Questoes de linguagem
362
0
_a
1899
697
_a
GERAL
942
_c
BK
999
_c
168058
_d
168058